Movies Quiz

Random Movies or Oscar Quiz

Original or Adapted? Quiz Stats

 Plays Quiz Updated Jan 8, 2018

Score 0/40 Timer 05:00
1 Play Today
Oscar-Winning Screenplay O (Original) or A (Adapted) % Correct
One Flew Over The Cuckoo’s Nest???
75.2%
Good Will Hunting???
74.8%
Juno???
73%
Fargo???
71.7%
Birdman???
69.7%
Lost in Translation???
69.3%
12 Years a Slave???
68.2%
Rain Man???
66.7%
American Beauty???
66.3%
Shakespeare in Love???
65.5%
A Beautiful Mind???
62.2%
The Godfather Part II???
62.1%
The Hurt Locker???
61.5%
The Sting???
60.3%
Brokeback Mountain???
59.5%
Almost Famous???
58.3%
Chinatown???
57.8%
Dead Poets Society???
56.2%
L.A. Confidential???
55.1%
The Departed???
54.6%
Oscar-Winning Screenplay O (Original) or A (Adapted) % Correct
Gods and Monsters???
53.6%
Patton???
53.5%
Amadeus???
52.8%
Gandhi???
51.1%
Argo???
50.6%
The French Connection???
49.6%
Spotlight???
49.5%
Gosford Park???
48.1%
The King's Speech???
47.8%
Chariots of Fire???
47.3%
Milk???
46.7%
Ordinary People???
45.9%
Dances With Wolves???
45.5%
Slumdog Millionaire???
43.1%
Sideways???
40.4%
Moonlight???
39.6%
Sling Blade???
38.7%
Traffic???
37.1%
Kramer Vs. Kramer???
35.8%
Casablanca???
31.6%

You're not logged in!

Compare scores with friends on all Sporcle quizzes.
Join for Free
OR
Log In

You Might Also Like...

Show Comments

Extras

Top Quizzes Today


Score Distribution

Your Account Isn't Verified!

In order to create a playlist on Sporcle, you need to verify the email address you used during registration. Go to your Sporcle Settings to finish the process.

Report this User

Report this user for behavior that violates our Community Guidelines.

Details: